[Event "North Austria-ch Seniors 65"]
[Site "Spitz am Donau"]
[Date "2017.10.13"]
[Round "6"]
[White "Preisler, Roland"]
[Black "Schwarzmeier, Christine"]
[Result "1-0"]
[WhiteElo "1819"]
[BlackElo "1029"]
[PlyCount "86"]
[EventDate "2017.10.08"]
[EventType "swiss"]
[EventRounds "7"]
[EventCountry "AUT"]
[SourceTitle "CBM 181 Extra"]
[Source "ChessBase"]
[SourceDate "2017.12.12"]
[SourceVersion "1"]
[SourceVersionDate "2017.12.12"]
[SourceQuality "1"]

1. d4 Nf6 2. Nf3 g6 3. Bf4 d6 4. e3 Bg7 5. Nbd2 0-0 6. Bd3 Nh5 7. Bg5 f6 8. Bh4 d5 9. c3 c6 10. Qc2 Bf5 11. Bxf5 gxf5 12. Qxf5 Qe8 13. g4 Qg6 14. Qxg6 hxg6 15. gxh5 gxh5 16. Rg1 Rf7 17. Ke2 Nd7 18. Rg2 Kh7 19. Rag1 Bh6 20. Nf1 b6 21. Ng3 Rg8 22. Kf1 e6 23. Nxh5 Rxg2 24. Rxg2 c5 25. Bg3 e5 26. Ke2 e4 27. Ne1 Bg5 28. Nf4 Bxf4 29. Bxf4 Nf8 30. dxc5 bxc5 31. Bd6 Ne6 32. b4 cxb4 33. cxb4 a6 34. f3 f5 35. fxe4 f4 36. exf4 Nxf4+ 37. Bxf4 Rxf4 38. exd5 Rd4 39. Nd3 Rxd5 40. Ke3 a5 41. Ke4 Rd7 42. b5 Rb7 43. a4 Rc7 1-0

[Event "North Austria-ch Seniors 65"]
[Site "Spitz am Donau"]
[Date "2017.10.10"]
[Round "3"]
[White "Gradinger, Alois"]
[Black "Schwarzmeier, Christine"]
[Result "1-0"]
[WhiteElo "1814"]
[BlackElo "1029"]
[PlyCount "61"]
[EventDate "2017.10.08"]
[EventType "swiss"]
[EventRounds "7"]
[EventCountry "AUT"]
[SourceTitle "CBM 181 Extra"]
[Source "ChessBase"]
[SourceDate "2017.12.12"]
[SourceVersion "1"]
[SourceVersionDate "2017.12.12"]
[SourceQuality "1"]

1. d4 Nf6 2. c4 c5 3. e3 d6 4. Be2 g6 5. Nc3 Bg7 6. dxc5 0-0 7. cxd6 exd6 8. Bf3 Nc6 9. Be2 b6 10. Nf3 Qc7 11. Nb5 Qe7 12. Qxd6 Qd7 13. Qxd7 Bxd7 14. 0-0 Rac8 15. Nbd4 Nh5 16. Rd1 Bg4 17. Rb1 Rfe8 18. h3 Bxf3 19. Bxf3 Ne5 20. Bxh5 gxh5 21. Nf5 Bf8 22. b3 Red8 23. Bb2 Nd3 24. Bf6 Rd7 25. Nd4 Nb4 26. a3 Rd6 27. Be5 Rxd4 28. Bxd4 Nc2 29. Bb2 Bxa3 30. Bxa3 Nxa3 31. Ra1 1-0